000 00813nam a22002897a 4500
001 0102
003 DO-SdBNP
005 20180201152634.0
007 0102
008 151005b1986 sp 00| 0 spa d
020 _a8471768976
040 _aBPMSU
_bspa
_cBPMSU
092 _aXXXX
_bXXXX
100 1 _aOverholser, Stephen
240 1 0 _aWild west rider /
_leng
245 1 3 _aEl pony express /
_cStephen Overholser ; ilustraciones Steve Leialoha ; traducción Iris Menéndez
260 _aBarcelona :
_bTimun mas,
_c1986.
300 _a125 p. :
_bil.
_c18 cm.
490 1 _aLa maquina del tiempo
_v9
700 1 2 _aMenéndez, Iris
_etrad.
700 1 2 _aLeialoha, Steve
_eil.
830 0 _aLa maquina del tiempo
_n9
910 _a202
942 _2ddc
_cBK
945 _aInventariado, 2018 / BT
956 _aYngrid Lockward
999 _c8594
_d8594